[Event "VI Weekend A"]
[Site "Recco ITA"]
[Date "2012.10.26"]
[Round "1"]
[White "Astengo, Marcello"]
[Black "Briata, Federico"]
[WhiteElo "2075"]
[BlackElo "1852"]
[Result "1-0"]
[PlyCount "85"]
[EventDate "2012.10.26"]

1. d4 Nf6 2. c4 g6 3. Nc3 d5 4. Bg5 Ne4 5. Bh4 Nxc3 6. bxc3 Bg7 7. e3 c5 8. Nf3
cxd4 9. cxd4 Nc6 10. cxd5 Qxd5 11. Qa4 O-O 12. Bc4 Qe4 13. O-O h6 14. Bg3 Bh3
15. Rad1 Bg4 16. d5 Ne5 17. Rd4 Bxf3 18. Rxe4 Bxe4 19. Bb3 Bd3 20. Rd1 Be2 21.
Re1 Ba6 22. Rd1 Rac8 23. Qe4 f5 24. Qb1 Kh7 25. h3 Rc3 26. Kh2 Rfc8 27. d6 exd6
28. Be6 R8c6 29. e4 Rb6 30. Bb3 Bd3 31. Rxd3 Nxd3 32. exf5 gxf5 33. Qd1 Nc5 34.
Bf7 Ne4 35. Bf4 Nf6 36. Bxd6 Ne4 37. Bf4 Rf6 38. Qd7 Ng5 39. Bd5 Rc2 40. h4 Ne4
41. Be5 Rxf2 42. h5 Nc5 43. Qe8 1-0

[Event "VI Weekend A"]
[Site "Recco ITA"]
[Date "2012.10.26"]
[Round "1"]
[White "Ciccarelli, Marco"]
[Black "Beccaris, Gabriele"]
[WhiteElo "1843"]
[BlackElo "2026"]
[Result "0-1"]
[PlyCount "50"]
[EventDate "2012.10.26"]

1. e4 d6 2. d4 Nf6 3. Nc3 e5 4. Nf3 exd4 5. Nxd4 Be7 6. Be2 O-O 7. O-O Re8 8.
f4 Bf8 9. Bf3 c6 10. Kh1 Nbd7 11. Nf5 Nc5 12. Ng3 Qc7 13. a4 Be6 14. Qe2 Rad8
15. Be3 d5 16. Qf2 Ncxe4 17. Ncxe4 dxe4 18. Nxe4 Nxe4 19. Bxe4 Bc4 20. Bd3 Bxd3
21. cxd3 Rxd3 22. Bxa7 Qd7 23. Rae1 Ra8 24. Bc5 Rd2 25. Qe3 Qd5 0-1

[Event "VI Weekend A"]
[Site "Recco ITA"]
[Date "2012.10.26"]
[Round "1"]
[White "Del Noce, Roberto"]
[Black "Abd El Gawad, Shaban"]
[WhiteElo "1867"]
[BlackElo "2080"]
[Result "0-1"]
[PlyCount "59"]
[EventDate "2012.10.26"]

1. e4 c6 2. d4 d5 3. Nc3 dxe4 4. Nxe4 Bf5 5. Ng3 Bg6 6. Nf3 e6 7. Bd3 Bd6 8.
O-O Ne7 9. Re1 Nd7 10. Ne4 Bc7 11. Nh4 Nd5 12. Nxg6 hxg6 13. g3 N7f6 14. Ng5
Ne7 15. c3 Qd7 16. Qb3 b6 17. Bd2 Nf5 18. Rxe6+ fxe6 19. Nxe6 Nd5 20. Re1 Kf7
21. Nxc7 Qxc7 22. Bf4 Qd7 23. Be5 Nfe7 24. h4 b5 25. Qd1 Raf8 26. Be2 Kg8 27.
Bg4 Nf5 28. Qd3 Qf7 29. Be2 Rh6 30. b4 0-1

[Event "VI Weekend A"]
[Site "Recco ITA"]
[Date "2012.10.26"]
[Round "1"]
[White "Laketic, Gojko"]
[Black "Almonti, Alessandro"]
[WhiteElo "2435"]
[BlackElo "1976"]
[Result "1/2-1/2"]
[PlyCount "47"]
[EventDate "2012.10.26"]

1. d4 Nf6 2. c4 c5 3. d5 e6 4. Nc3 exd5 5. cxd5 d6 6. e4 g6 7. Be2 Bg7 8. Nf3
O-O 9. O-O Bg4 10. Nd2 Bxe2 11. Qxe2 Re8 12. Re1 Na6 13. a3 Nc7 14. Qf1 b5 15.
f3 Qe7 16. Rd1 c4 17. a4 a6 18. Na2 Nh5 19. g4 Nf4 20. Nxc4 Ncxd5 21. Nxd6 Qxd6
22. exd5 Qc5+ 23. Kh1 Nxd5 24. Qd3 1/2-1/2

[Event "VI Weekend A"]
[Site "Recco ITA"]
[Date "2012.10.26"]
[Round "1"]
[White "Mortola, Alberto"]
[Black "Lazic, Miroljub"]
[WhiteElo "1982"]
[BlackElo "2459"]
[Result "0-1"]
[PlyCount "72"]
[EventDate "2012.10.26"]

1. e4 d6 2. d4 Nf6 3. Nc3 e5 4. dxe5 dxe5 5. Qxd8+ Kxd8 6. Bg5 c6 7. O-O-O+ Ke8
8. Bc4 Nfd7 9. Nf3 f6 10. Be3 Nb6 11. Bb3 Na6 12. Rd2 Nc5 13. Rhd1 Nxb3+ 14.
axb3 Be6 15. Na4 Bb4 16. Rd3 Nd7 17. Nd2 b5 18. Nc3 Be7 19. Ndb1 Nc5 20. Bxc5
Bxc5 21. f3 h5 22. Ne2 h4 23. h3 Rc8 24. Nbc3 Ke7 25. R1d2 Rc7 26. Rd1 Rd7 27.
Rxd7+ Bxd7 28. Rd3 Rh5 29. f4 Bc8 30. f5 Ba6 31. g4 hxg3 32. Rxg3 Kf7 33. Kd2
Rh4 34. Rd3 Kg8 35. Rg3 Kf7 36. Rf3 b4 0-1

[Event "VI Weekend A"]
[Site "Recco ITA"]
[Date "2012.10.26"]
[Round "1"]
[White "Naumkin, Igor"]
[Black "Altieri, Danilo Mario"]
[WhiteElo "2480"]
[BlackElo "1996"]
[Result "1-0"]
[PlyCount "63"]
[EventDate "2012.10.26"]

1. d4 Nf6 2. c4 g6 3. Nc3 d5 4. cxd5 Nxd5 5. e4 Nxc3 6. bxc3 Bg7 7. Bc4 c5 8.
Ne2 O-O 9. O-O Qc7 10. Bf4 e5 11. dxe5 Bxe5 12. Bxe5 Qxe5 13. Bd5 Nc6 14. f4
Qe7 15. Qd2 Be6 16. f5 gxf5 17. Ng3 fxe4 18. Nxe4 f5 19. Qg5+ Kh8 20. Bxc6 Qc7
21. Bxb7 Qxb7 22. Nxc5 Qb6 23. Qe3 Rfe8 24. Qd4+ Kg8 25. Rf3 Bf7 26. Rxf5 Bg6
27. Rf6 Qb2 28. Raf1 Qxa2 29. Nd7 Red8 30. Rd6 Qa5 31. Nf6+ Kg7 32. Ng4+ 1-0

[Event "VI Weekend A"]
[Site "Recco ITA"]
[Date "2012.10.26"]
[Round "1"]
[White "Platino, Maurizio"]
[Black "Aghayev, Miragha"]
[WhiteElo "1915"]
[BlackElo "2244"]
[Result "0-1"]
[PlyCount "85"]
[EventDate "2012.10.26"]

1. d4 Nf6 2. c4 g6 3. Nc3 d5 4. cxd5 Nxd5 5. Bd2 Nb6 6. Nf3 Bg7 7. e3 O-O 8.
Be2 Nc6 9. O-O e5 10. dxe5 Nxe5 11. Nxe5 Bxe5 12. e4 Qe7 13. Qc2 Be6 14. Rad1
c6 15. b3 Qc5 16. Rc1 Rfd8 17. Be3 Qa5 18. Rfd1 Rxd1+ 19. Bxd1 Rd8 20. Be2 f5
21. f3 f4 22. Bd2 Qb4 23. Nb1 Qd4+ 24. Kf1 Nd7 25. Bc3 Qb6 26. Rd1 Re8 27. Bxe5
Nxe5 28. Qc3 Qc7 29. Qd4 b6 30. Qd6 Qg7 31. Na3 h5 32. Qd2 g5 33. Qd4 g4 34.
fxg4 hxg4 35. Nc4 Bxc4 36. Bxc4+ Kh7 37. Qf2 Qh6 38. Kg1 Re7 39. Rd8 b5 40.
Bg8+ Kg6 41. Qd4 f3 42. gxf3 gxf3 43. Qc5 0-1

[Event "VI Weekend A"]
[Site "Recco ITA"]
[Date "2012.10.26"]
[Round "1"]
[White "Saffioti, Cristian"]
[Black "Codenotti, Marco"]
[WhiteElo "1962"]
[BlackElo "2334"]
[Result "0-1"]
[PlyCount "44"]
[EventDate "2012.10.26"]

1. e4 c5 2. Nc3 a6 3. Nf3 d6 4. d4 cxd4 5. Nxd4 Nf6 6. f3 e5 7. Nb3 Be6 8. Be3
h5 9. h4 Nbd7 10. Qd2 b5 11. O-O-O Nb6 12. Qf2 Rb8 13. Na5 Qc7 14. Bxb5+ axb5
15. Nxb5 Qd7 16. Nxd6+ Bxd6 17. Bxb6 O-O 18. Nb3 Rfc8 19. Nc5 Bxc5 20. Bxc5 Qb5
21. Ba3 Bxa2 22. Rd2 Ra8 0-1

[Event "VI Weekend A"]
[Site "Recco ITA"]
[Date "2012.10.26"]
[Round "1"]
[White "Sbarra, Marco"]
[Black "Simoncini, Francesco"]
[WhiteElo "2246"]
[BlackElo "1961"]
[Result "1-0"]
[PlyCount "65"]
[EventDate "2012.10.26"]

1. c4 e5 2. Nc3 d6 3. d4 Nd7 4. Nf3 Ngf6 5. e4 g6 6. d5 Bg7 7. Bg5 h6 8. Be3
O-O 9. h3 a5 10. g4 Ne8 11. Qd2 Kh7 12. Bd3 Nc5 13. Bc2 Bd7 14. O-O-O Qb8 15.
Kb1 b5 16. cxb5 Bxb5 17. h4 Bc4 18. h5 g5 19. Ne1 Qb4 20. a3 Qb7 21. Bxc5 dxc5
22. Ba4 Rb8 23. Ng2 Nd6 24. Ka1 Bd3 25. Qc1 Nxe4 26. Rxd3 Nxf2 27. Rd2 Nxh1 28.
Qxh1 c4 29. Ne3 Kg8 30. Qe4 Qb6 31. Nf5 Qg1+ 32. Rd1 Qc5 33. Bc2 1-0

[Event "VI Weekend A"]
[Site "Recco ITA"]
[Date "2012.10.26"]
[Round "1"]
[White "Topczewski, Damian"]
[Black "Mirata, Danilo"]
[WhiteElo "2200"]
[BlackElo "1901"]
[Result "1-0"]
[PlyCount "111"]
[EventDate "2012.10.26"]

1. e4 e6 2. d4 d5 3. Nd2 Nf6 4. e5 Nfd7 5. Bd3 c5 6. c3 Nc6 7. Ne2 cxd4 8. cxd4
f6 9. exf6 Nxf6 10. O-O Bd6 11. Nf3 Qc7 12. Bg5 O-O 13. Bh4 Nh5 14. Bg3 Nxg3
15. hxg3 a6 16. Rc1 Bd7 17. Qc2 h6 18. Nh4 Rac8 19. Bh7+ Kh8 20. Ng6+ Kxh7 21.
Nxf8+ Kg8 22. Nxd7 Qxd7 23. Qg6 Rf8 24. f4 Rf6 25. Qc2 Nb4 26. Qc8+ Qxc8 27.
Rxc8+ Kh7 28. a3 Nc6 29. Rd1 g5 30. fxg5 hxg5 31. Rf1 Rxf1+ 32. Kxf1 Kg6 33. g4
Kf6 34. Kf2 Ke7 35. Rh8 Kd7 36. Rh7+ Be7 37. Ke3 Kd6 38. b4 b5 39. Kd3 Bf6 40.
Rf7 Be5 41. Rh7 Bf6 42. Rh6 Ke7 43. Rh7+ Kd6 44. Rf7 Be7 45. Kc3 e5 46. Rh7
exd4+ 47. Nxd4 Bf6 48. Rh6 Nxd4 49. Rxf6+ Ke5 50. Rxa6 Ne2+ 51. Kd2 Nd4 52. g3
Ke4 53. a4 bxa4 54. Rxa4 Kf3 55. Kd3 Nb3 56. Ra3 1-0

[Event "VI Weekend A"]
[Site "Recco ITA"]
[Date "2012.10.27"]
[Round "2"]
[White "Abd El Gawad, Shaban"]
[Black "Naumkin, Igor"]
[WhiteElo "2080"]
[BlackElo "2480"]
[Result "0-1"]
[PlyCount "38"]
[EventDate "2012.10.26"]

1. d4 Nf6 2. Bg5 e6 3. Nd2 c5 4. e3 Nc6 5. c3 cxd4 6. exd4 Be7 7. Bd3 O-O 8.
Ngf3 Nd5 9. h4 Qc7 10. Qc2 f5 11. O-O-O b5 12. g4 b4 13. c4 b3 14. Nxb3 Ncb4
15. Qd2 Nxd3+ 16. Qxd3 Nb4 17. Qd2 Qxc4+ 18. Qc3 Bd6 19. gxf5 Bb7 0-1

[Event "VI Weekend A"]
[Site "Recco ITA"]
[Date "2012.10.27"]
[Round "2"]
[White "Aghayev, Miragha"]
[Black "Cavatorta, Ivan"]
[WhiteElo "2244"]
[BlackElo "1840"]
[Result "1-0"]
[PlyCount "71"]
[EventDate "2012.10.26"]

1. e4 e6 2. Nf3 d5 3. Nc3 dxe4 4. Nxe4 Nf6 5. Nxf6+ gxf6 6. d4 c5 7. Bc4 Nc6 8.
c3 cxd4 9. cxd4 Bb4+ 10. Ke2 O-O 11. a3 Ba5 12. Bh6 Re8 13. Qb3 Bc7 14. Rhd1
Na5 15. Qc2 Nxc4 16. Qxc4 Bd6 17. Kf1 Bf8 18. Bxf8 Rxf8 19. Rac1 Bd7 20. d5
exd5 21. Qxd5 Bc6 22. Qf5 Qe7 23. Re1 Qd7 24. Qxf6 Qd3+ 25. Kg1 Bxf3 26. Qxf3
Qxf3 27. gxf3 Rac8 28. Rxc8 Rxc8 29. Re7 b5 30. Rxa7 Rc1+ 31. Kg2 Rb1 32. b4
Ra1 33. Ra5 Kg7 34. f4 Kf6 35. Kf3 Rb1 36. Ke4 1-0

[Event "VI Weekend A"]
[Site "Recco ITA"]
[Date "2012.10.27"]
[Round "2"]
[White "Almonti, Alessandro"]
[Black "Mortola, Alberto"]
[WhiteElo "1976"]
[BlackElo "1982"]
[Result "1-0"]
[PlyCount "53"]
[EventDate "2012.10.26"]

1. d4 f5 2. Nc3 Nf6 3. Bg5 e6 4. e4 fxe4 5. Nxe4 Be7 6. Bxf6 Bxf6 7. Qh5+ g6 8.
Qh6 Bxd4 9. O-O-O Bf6 10. h4 Qe7 11. Nxf6+ Qxf6 12. Bd3 Qf8 13. Qg5 Qe7 14. Qg3
d6 15. h5 g5 16. Nf3 Nc6 17. Qxg5 Bd7 18. Rde1 e5 19. h6 O-O-O 20. Qxe7 Nxe7
21. Ng5 Rdf8 22. Nxh7 Rxf2 23. Ref1 Rf4 24. g3 Rxf1+ 25. Rxf1 d5 26. Rf8+ Rxf8
27. Nxf8 1-0

[Event "VI Weekend A"]
[Site "Recco ITA"]
[Date "2012.10.27"]
[Round "2"]
[White "Altieri, Danilo Mario"]
[Black "Del Noce, Roberto"]
[WhiteElo "1996"]
[BlackElo "1867"]
[Result "1-0"]
[PlyCount "129"]
[EventDate "2012.10.26"]

1. c4 Nf6 2. g3 e6 3. Bg2 d5 4. cxd5 exd5 5. d4 c6 6. Nc3 Be7 7. Nf3 O-O 8. Qc2
Re8 9. O-O Nbd7 10. a3 a5 11. Bf4 Nf8 12. Ne5 Ne6 13. Be3 Bf8 14. Rfd1 Bd6 15.
f4 g6 16. h3 Ng7 17. Bf2 Bf5 18. Qb3 Rb8 19. e4 Be6 20. exd5 Nxd5 21. Nxd5 Bxd5
22. Bxd5 cxd5 23. Qxd5 Bxe5 24. Qxd8 Rbxd8 25. dxe5 Ne6 26. Bb6 Ra8 27. Rd7
Rec8 28. Rad1 Rc2 29. R1d2 Rxd2 30. Rxd2 a4 31. Rd7 Rc8 32. Rxb7 Rc1+ 33. Kg2
Rc2+ 34. Bf2 g5 35. f5 Nd4 36. f6 h5 37. Rb4 Nf5 38. Kf3 Kh7 39. g4 hxg4+ 40.
hxg4 Nh4+ 41. Bxh4 gxh4 42. g5 Kg6 43. Rxh4 Rxb2 44. Rxa4 Kxg5 45. Ke4 Re2+ 46.
Kd5 Kf5 47. Ra6 Rxe5+ 48. Kd4 Re4+ 49. Kd3 Rh4 50. a4 Rb4 51. Kc3 Rb1 52. Kc4
Rb2 53. a5 Rb1 54. Rb6 Ra1 55. Kb5 Ra2 56. Rc6 Rb2+ 57. Ka6 Rb1 58. Rb6 Ra1 59.
Rc6 Ra2 60. Kb6 Rb2+ 61. Kc7 Rb5 62. a6 Ra5 63. Kb7 Rb5+ 64. Rb6 Ra5 65. a7 1-0

[Event "VI Weekend A"]
[Site "Recco ITA"]
[Date "2012.10.27"]
[Round "2"]
[White "Beccaris, Gabriele"]
[Black "Sbarra, Marco"]
[WhiteElo "2026"]
[BlackElo "2246"]
[Result "1-0"]
[PlyCount "117"]
[EventDate "2012.10.26"]

1. e4 e5 2. Nf3 Nc6 3. d4 exd4 4. Nxd4 Nf6 5. Nc3 Bb4 6. Nxc6 bxc6 7. Bd3 d5 8.
Bd2 O-O 9. exd5 Re8+ 10. Ne2 Bxd2+ 11. Qxd2 cxd5 12. O-O c5 13. Rad1 Rb8 14. b3
Bg4 15. f3 Bd7 16. Nf4 Qc7 17. Rfe1 Rxe1+ 18. Rxe1 a5 19. Bf1 Qd6 20. Bc4 d4
21. a4 Bf5 22. Nd3 Bxd3 23. Bxd3 Qc7 24. Bc4 Re8 25. Rxe8+ Nxe8 26. Qg5 h6 27.
Qd5 g6 28. Qa8 Qe7 29. Qxa5 Qe3+ 30. Kf1 Nf6 31. Qe1 Qf4 32. Kg1 Nd7 33. a5 d3
34. cxd3 Ne5 35. Qe4 Qc1+ 36. Kf2 Nxc4 37. bxc4 Qd2+ 38. Kg3 Qxa5 39. Qe8+ Kg7
40. Qe5+ Kg8 41. h3 Qb6 42. f4 Qa7 43. Kf3 Qa3 44. Qe8+ Kg7 45. Ke4 f5+ 46. Kd5
Qxd3+ 47. Kxc5 Qa3+ 48. Kb6 Qb2+ 49. Qb5 Qxg2 50. Qe5+ Kh7 51. c5 Qxh3 52. Qe7+
Kg8 53. Qe6+ Kg7 54. c6 Qa3 55. c7 Qb4+ 56. Kc6 Qa4+ 57. Kd6 Qb4+ 58. Kd7 Qe4
59. Kd8 1-0

[Event "VI Weekend A"]
[Site "Recco ITA"]
[Date "2012.10.27"]
[Round "2"]
[White "Briata, Federico"]
[Black "Saffioti, Cristian"]
[WhiteElo "1852"]
[BlackElo "1962"]
[Result "1/2-1/2"]
[PlyCount "79"]
[EventDate "2012.10.26"]

1. e4 d6 2. d4 Nf6 3. Nc3 e5 4. Nf3 Nbd7 5. Bc4 Be7 6. O-O O-O 7. Re1 c6 8. a4
Qc7 9. Bb3 b6 10. Bg5 a6 11. Qd2 Bb7 12. Rad1 Rad8 13. Re3 h6 14. Bxf6 Bxf6 15.
dxe5 dxe5 16. Rd3 Nc5 17. Rd6 Be7 18. Rxd8 Rxd8 19. Qe2 Rxd1+ 20. Qxd1 Nxb3 21.
cxb3 Qd6 22. Kf1 Qxd1+ 23. Nxd1 f6 24. Nd2 Bc8 25. Ke2 b5 26. Nc3 Kf7 27. f3
Bc5 28. Kd3 g5 29. g4 Be6 30. Kc2 Ke7 31. Nf1 Kd7 32. Ng3 Kc7 33. Nh5 Be7 34.
Ng7 Bf7 35. Nf5 Bf8 36. axb5 axb5 37. Ne2 h5 38. Neg3 hxg4 39. fxg4 Kd7 40. Kc3
1/2-1/2

[Event "VI Weekend A"]
[Site "Recco ITA"]
[Date "2012.10.27"]
[Round "2"]
[White "Codenotti, Marco"]
[Black "Astengo, Marcello"]
[WhiteElo "2334"]
[BlackElo "2075"]
[Result "1-0"]
[PlyCount "69"]
[EventDate "2012.10.26"]

1. e4 e6 2. d4 d5 3. Nd2 Nf6 4. e5 Ng8 5. Bd3 c5 6. c3 Nc6 7. Ngf3 cxd4 8. cxd4
Bd7 9. O-O Nge7 10. Re1 Rc8 11. a3 Qb6 12. b4 a6 13. Nb3 Na7 14. Nc5 Bb5 15.
Bc2 Qc7 16. a4 Bc4 17. a5 Nec6 18. Ng5 Bxc5 19. bxc5 Nb5 20. Bb2 h6 21. Nh3
Nxa5 22. Qg4 Kf8 23. Re3 Rg8 24. Rg3 g6 25. Qf4 Nc6 26. Rxg6 Rxg6 27. Bxg6
Nbxd4 28. Qxh6+ Ke8 29. Qh8+ Kd7 30. Qg7 Qxe5 31. Qxf7+ Ne7 32. Kh1 Rg8 33. Nf4
Rg7 34. Qe8+ Kc7 35. Bxd4 1-0

[Event "VI Weekend A"]
[Site "Recco ITA"]
[Date "2012.10.27"]
[Round "2"]
[White "Lazic, Miroljub"]
[Black "Topczewski, Damian"]
[WhiteElo "2459"]
[BlackElo "2200"]
[Result "1-0"]
[PlyCount "41"]
[EventDate "2012.10.26"]

1. g3 g6 2. Bg2 Bg7 3. e4 d6 4. d4 Nc6 5. Ne2 e5 6. Be3 Bg4 7. f3 Bd7 8. Nbc3
exd4 9. Nxd4 Nf6 10. Qd2 Nxd4 11. Bxd4 Bc6 12. O-O-O O-O 13. f4 Re8 14. Rhe1
Nd7 15. Bxg7 Kxg7 16. e5 Bxg2 17. Qxg2 dxe5 18. Qxb7 Nc5 19. Qc6 Qe7 20. Rxe5
Ne6 21. Qd7 1-0

[Event "VI Weekend A"]
[Site "Recco ITA"]
[Date "2012.10.27"]
[Round "2"]
[White "Mirata, Danilo"]
[Black "Laketic, Gojko"]
[WhiteElo "1901"]
[BlackElo "2435"]
[Result "0-1"]
[PlyCount "45"]
[EventDate "2012.10.26"]

1. d4 Nf6 2. c4 e6 3. Nc3 Bb4 4. Qc2 c5 5. Nf3 cxd4 6. Nxd4 Nc6 7. e3 O-O 8. a3
Be7 9. g3 d5 10. Nxc6 bxc6 11. cxd5 cxd5 12. Be2 Bb7 13. O-O Qc7 14. Bd2 Rfc8
15. Rfc1 Qb6 16. Qd3 Bc6 17. b4 a6 18. Bd1 Nd7 19. Rab1 Ne5 20. Qe2 d4 21. Na4
Qb7 22. f4 Nf3+ 23. Kf1 0-1

[Event "VI Weekend A"]
[Site "Recco ITA"]
[Date "2012.10.27"]
[Round "2"]
[White "Simoncini, Francesco"]
[Black "Ciccarelli, Marco"]
[WhiteElo "1961"]
[BlackElo "1843"]
[Result "1-0"]
[PlyCount "49"]
[EventDate "2012.10.26"]

1. d4 e6 2. Nc3 d5 3. e4 Nf6 4. Bg5 Bb4 5. exd5 exd5 6. Bd3 c6 7. Nge2 Bg4 8.
f3 Bh5 9. O-O O-O 10. Nf4 Bg6 11. Nxg6 hxg6 12. Ne2 Bd6 13. Nf4 Qc7 14. Qd2 Nh7
15. Ne2 Bxh2+ 16. Kf2 Re8 17. Be3 Qe7 18. g3 f5 19. Rh1 Bxg3+ 20. Nxg3 Nd7 21.
Rae1 Qf6 22. c3 g5 23. Nxf5 Rf8 24. Rxh7 Kxh7 25. Bxg5 1-0

[Event "VI Weekend A"]
[Site "Recco ITA"]
[Date "2012.10.27"]
[Round "2"]
[White "Tripi, Nicolo'"]
[Black "Platino, Maurizio"]
[WhiteElo "1823"]
[BlackElo "1915"]
[Result "0-1"]
[PlyCount "75"]
[EventDate "2012.10.26"]

1. e4 e6 2. d4 d5 3. Nc3 Nf6 4. e5 Nfd7 5. f4 c5 6. Nf3 Nc6 7. Be3 a6 8. Qd2 b5
9. Be2 Qb6 10. O-O cxd4 11. Nxd4 Bc5 12. Rad1 O-O 13. Rf3 Nxd4 14. Bxd4 Bb7 15.
Qe3 Rac8 16. Rh3 Bxd4 17. Rxd4 f5 18. Kh1 Qc5 19. Bd1 b4 20. Ne2 a5 21. Qf3 Qe7
22. Rd2 Nc5 23. Nd4 Ne4 24. Rd3 Ba6 25. Re3 Rf7 26. Be2 Bxe2 27. Qxe2 Rc4 28.
Nb3 Qc7 29. Na1 a4 30. Rh4 Qa7 31. g4 fxg4 32. Rxg4 Rf5 33. Qg2 Qf7 34. Qf3 Nd2
35. Qg2 Ne4 36. Qf3 Nc5 37. Re1 Rcxf4 38. Qg2 0-1

[Event "VI Weekend A"]
[Site "Recco ITA"]
[Date "2012.10.27"]
[Round "3"]
[White "Aghayev, Miragha"]
[Black "Lazic, Miroljub"]
[WhiteElo "2244"]
[BlackElo "2459"]
[Result "1-0"]
[PlyCount "58"]
[EventDate "2012.10.26"]

1. e4 d6 2. d4 Nf6 3. Nc3 e5 4. Nf3 Nbd7 5. Bc4 Be7 6. O-O O-O 7. Re1 c6 8. a4
a5 9. h3 exd4 10. Nxd4 Nc5 11. Bf4 Qb6 12. Qd2 Be6 13. Nxe6 fxe6 14. Bxd6 Rad8
15. e5 Ne8 16. Qe3 Bxd6 17. exd6 Nxd6 18. Bxe6+ Kh8 19. f4 Rf6 20. f5 Nxf5 21.
Bxf5 Rxf5 22. g4 Rff8 23. Kh1 Qb4 24. Red1 Rxd1+ 25. Rxd1 Nxa4 26. Rd4 Qxb2 27.
Rf4 Rd8 28. Rxa4 Qxc2 29. Rxa5 b5 1-0

[Event "VI Weekend A"]
[Site "Recco ITA"]
[Date "2012.10.27"]
[Round "3"]
[White "Astengo, Marcello"]
[Black "Simoncini, Francesco"]
[WhiteElo "2075"]
[BlackElo "1961"]
[Result "1-0"]
[PlyCount "67"]
[EventDate "2012.10.26"]

1. d4 d5 2. c4 c6 3. Nc3 Nf6 4. e3 a6 5. a4 e6 6. Nf3 Nbd7 7. Bd3 Be7 8. O-O
O-O 9. b3 Qc7 10. Bb2 dxc4 11. bxc4 e5 12. dxe5 Ng4 13. Ne4 Ndxe5 14. Nxe5 Nxe5
15. Bc2 Bg4 16. Qd4 f6 17. Ng3 g6 18. Qe4 Be6 19. f4 Bf5 20. Nxf5 gxf5 21. Qxf5
Ng6 22. h4 Rf7 23. h5 Nf8 24. c5 Qd7 25. Qxd7 Nxd7 26. Bb3 Nxc5 27. Bxf7+ Kxf7
28. Rfd1 b5 29. axb5 cxb5 30. Ba3 a5 31. Kf2 Ke6 32. f5+ Ke5 33. Kf3 Kxf5 34.
Bxc5 1-0

[Event "VI Weekend A"]
[Site "Recco ITA"]
[Date "2012.10.27"]
[Round "3"]
[White "Ciccarelli, Marco"]
[Black "Mirata, Danilo"]
[WhiteElo "1843"]
[BlackElo "1901"]
[Result "1/2-1/2"]
[PlyCount "35"]
[EventDate "2012.10.26"]

1. e4 e6 2. d4 d5 3. Nd2 Nf6 4. Bd3 c5 5. e5 Nfd7 6. c3 Nc6 7. Ne2 cxd4 8. cxd4
f6 9. exf6 Nxf6 10. O-O Bd6 11. Nf3 Qc7 12. Nc3 a6 13. Re1 O-O 14. Be3 Bd7 15.
Rc1 b5 16. a3 Kh8 17. Kh1 Rac8 18. Ne5 1/2-1/2

[Event "VI Weekend A"]
[Site "Recco ITA"]
[Date "2012.10.27"]
[Round "3"]
[White "Del Noce, Roberto"]
[Black "Tripi, Nicolo'"]
[WhiteElo "1867"]
[BlackElo "1823"]
[Result "1/2-1/2"]
[PlyCount "123"]
[EventDate "2012.10.26"]

1. e4 e6 2. d4 d5 3. e5 c5 4. c3 Nc6 5. Nf3 Qb6 6. Bd3 Bd7 7. O-O Nge7 8. dxc5
Qxc5 9. Be3 Qa5 10. Nbd2 Ng6 11. Bd4 Qc7 12. Re1 Be7 13. g3 f6 14. Bxg6+ hxg6
15. Nh4 Rxh4 16. gxh4 fxe5 17. Be3 Bxh4 18. Qg4 g5 19. Bxg5 Bxg5 20. Qh5+ Kd8
21. Qxg5+ Kc8 22. Nf3 e4 23. Nd4 Ne5 24. Qg3 Nd3 25. Qxc7+ Kxc7 26. Re2 e5 27.
Nc2 Bg4 28. Rd2 Kd6 29. Nb4 Bf5 30. Nxd3 exd3 31. f3 e4 32. Kf2 Rh8 33. Ke3 Rh3
34. Rf1 Ke5 35. Rg2 exf3 36. Rg5 g6 37. Rf2 Kf6 38. Rxf5+ gxf5 39. Kxd3 Ke5 40.
b3 b5 41. Ke3 a5 42. a4 bxa4 43. bxa4 Rh4 44. Ra2 f2 45. Rxf2 Rxa4 46. Rf1 Ra3
47. Kd2 Ra2+ 48. Kd3 Rxh2 49. Ra1 Rh3+ 50. Kd2 Ke4 51. Ra4+ Kf3 52. Rxa5 Rh2+
53. Kd3 Rh1 54. Rxd5 Rd1+ 55. Kc4 Rxd5 56. Kxd5 Ke3 57. c4 f4 58. c5 f3 59. c6
f2 60. c7 f1=Q 61. c8=Q Qd1+ 62. Kc6 1/2-1/2

[Event "VI Weekend A"]
[Site "Recco ITA"]
[Date "2012.10.27"]
[Round "3"]
[White "Laketic, Gojko"]
[Black "Beccaris, Gabriele"]
[WhiteElo "2435"]
[BlackElo "2026"]
[Result "1-0"]
[PlyCount "81"]
[EventDate "2012.10.26"]

1. d4 Nf6 2. c4 e6 3. g3 c5 4. d5 exd5 5. cxd5 d6 6. Nc3 g6 7. Bg2 Bg7 8. Nf3
O-O 9. O-O Re8 10. Nd2 a6 11. a4 Nbd7 12. Nc4 Nb6 13. Na3 Rb8 14. Bg5 Qc7 15.
Rc1 Bd7 16. b3 Nc8 17. Bd2 b5 18. axb5 axb5 19. b4 c4 20. h3 Qb7 21. Nc2 Bf5
22. Nd4 Be4 23. Bxe4 Nxe4 24. Nc6 Ra8 25. Nxe4 Rxe4 26. Bc3 Ra2 27. Bxg7 Kxg7
28. Rc2 Qa8 29. f3 Re8 30. Qd4+ Kg8 31. Rxa2 Qxa2 32. e4 Qb3 33. h4 Ne7 34. Kg2
Nxc6 35. dxc6 Qxb4 36. c7 Rc8 37. Qf6 d5 38. Rd1 c3 39. Rxd5 c2 40. Rd8+ Qf8
41. Qe7 1-0

[Event "VI Weekend A"]
[Site "Recco ITA"]
[Date "2012.10.27"]
[Round "3"]
[White "Mortola, Alberto"]
[Black "Briata, Federico"]
[WhiteElo "1982"]
[BlackElo "1852"]
[Result "1-0"]
[PlyCount "22"]
[EventDate "2012.10.26"]

1. e4 c5 2. c3 d5 3. exd5 Qxd5 4. d4 Nf6 5. Nf3 Bg4 6. Be2 e6 7. O-O Nc6 8. Be3
Nxd4 9. cxd4 Be7 10. Nc3 Qd7 11. Ne5 Qd6 1-0

[Event "VI Weekend A"]
[Site "Recco ITA"]
[Date "2012.10.27"]
[Round "3"]
[White "Naumkin, Igor"]
[Black "Codenotti, Marco"]
[WhiteElo "2480"]
[BlackElo "2334"]
[Result "1-0"]
[PlyCount "60"]
[EventDate "2012.10.26"]

1. d4 Nf6 2. c4 g6 3. Nc3 d5 4. cxd5 Nxd5 5. e4 Nxc3 6. bxc3 Bg7 7. Bc4 c5 8.
Ne2 Nc6 9. Be3 O-O 10. O-O b6 11. Qd2 Bb7 12. Rad1 cxd4 13. cxd4 Bc8 14. Bh6
Qd6 15. Bxg7 Kxg7 16. Ng3 Qb4 17. Qc2 Nb8 18. Bb5 a6 19. Bd3 Qxd4 20. e5 Qf4
21. e6 f6 22. Qb2 b5 23. Qb3 b4 24. Qc4 Nc6 25. Qxc6 Qc7 26. Qc5 Qe5 27. Qb6
Qc7 28. Qc5 Qa5 29. Qe3 Qxa2 30. Ra1 Qa5 1-0

[Event "VI Weekend A"]
[Site "Recco ITA"]
[Date "2012.10.27"]
[Round "3"]
[White "Platino, Maurizio"]
[Black "Abd El Gawad, Shaban"]
[WhiteElo "1915"]
[BlackElo "2080"]
[Result "1/2-1/2"]
[PlyCount "57"]
[EventDate "2012.10.26"]

1. d4 d5 2. c4 c6 3. Nf3 Nf6 4. Nc3 e6 5. e3 Bd6 6. Bd3 Nbd7 7. O-O O-O 8. e4
dxe4 9. Nxe4 Nxe4 10. Bxe4 Nf6 11. Bc2 b6 12. Bg5 Be7 13. Qd3 g6 14. Rad1 Bb7
15. Rfe1 Nh5 16. Qe3 Bxg5 17. Nxg5 Qf6 18. Ne4 Qf4 19. Ng3 Qxe3 20. Rxe3 Nxg3
21. hxg3 Rfd8 22. g4 Rd6 23. c5 bxc5 24. dxc5 Rxd1+ 25. Bxd1 Rd8 26. Bf3 Kf8
27. Ra3 a6 28. Rb3 Rd7 29. Rb6 1/2-1/2

[Event "VI Weekend A"]
[Site "Recco ITA"]
[Date "2012.10.27"]
[Round "3"]
[White "Sbarra, Marco"]
[Black "Almonti, Alessandro"]
[WhiteElo "2246"]
[BlackElo "1976"]
[Result "1-0"]
[PlyCount "65"]
[EventDate "2012.10.26"]

1. d4 Nf6 2. c4 e6 3. Nc3 c5 4. d5 exd5 5. cxd5 d6 6. e4 g6 7. f4 Bg7 8. Bb5+
Nfd7 9. Nf3 O-O 10. O-O a6 11. Bd3 Nf6 12. h3 Ra7 13. a4 b6 14. Be3 Re8 15. Nd2
Rae7 16. Qf3 Bb7 17. Bf2 Nbd7 18. Bh4 Qb8 19. Kh1 Bc8 20. Nc4 b5 21. axb5 axb5
22. Na5 c4 23. Nc6 Qb6 24. Ra8 cxd3 25. Nxe7+ Rxe7 26. Rxc8+ Re8 27. Rxe8+ Nxe8
28. Qxd3 b4 29. Na4 Qa5 30. b3 Nc5 31. Nxc5 Qxc5 32. Qa6 Bc3 33. Qc6 1-0

[Event "VI Weekend A"]
[Site "Recco ITA"]
[Date "2012.10.27"]
[Round "3"]
[White "Topczewski, Damian"]
[Black "Altieri, Danilo Mario"]
[WhiteElo "2200"]
[BlackElo "1996"]
[Result "1-0"]
[PlyCount "61"]
[EventDate "2012.10.26"]

1. Nf3 Nf6 2. g3 g6 3. Bg2 Bg7 4. O-O O-O 5. d3 d6 6. e4 e5 7. c4 c5 8. Nc3 Nc6
9. h3 h6 10. Nd5 Nxd5 11. cxd5 Nd4 12. Nxd4 cxd4 13. f4 f5 14. fxe5 fxe4 15. e6
e3 16. b3 b6 17. Ba3 Ba6 18. Be4 Be5 19. Qg4 Qg5 20. Bxg6 Qxg4 21. hxg4 Bxg3
22. Kg2 Be5 23. Rac1 Rxf1 24. Kxf1 Kg7 25. Bf5 Bb5 26. Ke2 Kf6 27. Rc7 h5 28.
Rf7+ Kg5 29. gxh5 Kxh5 30. e7 Rg8 31. Be4 1-0